KLOuFRENS - Bad Bunny - Estadísticas

Estadísticas generales
  • Esta prueba ha sido intentada 150 veces
  • La puntuación promedio es 313 de 385
Estadísticas de respuestas
Letra % Correcto
no
99%
No
99%
a
97%
A
97%
lo
97%
V
97%
y
97%
Y
97%
me
96%
Me
96%
o
96%
Si
96%
si
96%
96%
96%
96%
tu
96%
qué
95%
que
95%
Que
95%
Qué
95%
te
95%
Te
95%
Close
93%
de
93%
Friends?
93%
ha
93%
¿Pero
93%
Pero
93%
es
92%
los
92%
pa'
92%
quiere'
92%
92%
se
92%
92%
bien
91%
¿Cómo
91%
cómo
91%
como
91%
ma'
91%
má'
91%
día'
89%
día
89%
saca'
89%
hace'
88%
la
88%
ver
88%
ya
88%
en
86%
vaya
86%
vi
85%
yo
85%
mi
84%
84%
paso
84%
pasó
84%
por
84%
olvidarte
82%
olvidarte?
82%
ropa?
82%
sin
82%
diablo'
80%
con
78%
Esto
78%
esto
78%
iba
78%
ere'
77%
le
77%
ser
77%
amor
76%
mala
76%
ti
76%
To'
76%
voy
76%
cuando
74%
hago
74%
arte
73%
bueno'
73%
Dime
73%
el
73%
mañana
73%
obra
73%
pase
73%
Está
72%
ilusionar
72%
Mami
72%
mami
72%
veo
72%
vuelvo
72%
circulito
70%
dejaste
70%
envía'
70%
estoy
70%
intencional
70%
nadie
70%
parte
70%
¿Será
70%
tiene
70%
alguien
69%
cambiaste?
69%
conocerá'
69%
diablos
69%
Enchula'o
69%
esa
69%
más
69%
otro
69%
pensarte
69%
puede
69%
sabrá
69%
triste
69%
vida
69%
ahora
68%
encontraste
68%
gustar
68%
noche
68%
Otra
68%
pasar
68%
prometí
68%
pudo
68%
solo
68%
stalkeándote
68%
Una
68%
verde
68%
así
66%
baby
66%
chiste'
66%
desaparecí
66%
Ese
66%
llamas
66%
mostrar
66%
nuevo'
66%
prendo
66%
tengo
66%
cabrón
65%
coloniza'o
65%
hacía'?
65%
nombre
65%
porque
65%
Quiero
65%
reír
65%
blondie
64%
conocerás
64%
cuentas
64%
cute
64%
Dei
64%
ey
64%
Pelinegra
64%
profesional
64%
fuíste
62%
hipnotiza'o
62%
quería
62%
terminó
62%
todavía
62%
player
61%
stickers
61%
totito
61%
eh
59%
escuchando
59%
funcionar
59%
normal
59%
Oh
59%
suelo
59%
vo'a
59%
envicia'o
58%
era
58%
Ousi
58%
'Ta
58%
ante'
57%
precioso
57%
Total
57%
labio'
55%
mío
55%
tuyo
55%
alejarme
54%
bello
54%
acostarte
53%
doy
53%
vuelta'
53%
Dando
51%
galla
51%
lesionar
51%
comerte
50%
esos
50%
pisa'o
49%
glossy
46%
mmm
43%
Mmm
43%
OC
43%
SanSe
36%
Uou
3%
No se encontraron pruebas coincidentes
Distribución de puntuación
Porcentaje de gente con cada puntuación
Porcentaje por número respondido
Historial de tus puntuaciones
No has intentado esta prueba.